Statistiques concernant PANDA ROUX

Cliquez ici pour prendre le quiz!

Statistiques générales

  • Ce quiz a été pris 7 fois
  • Le résultat moyen est 8 sur 14

Statistiques - réponses

HintRéponse% Correct
Alimentation du panda roux.Bambous/Fruits/Racines/Ecorces/Glands/Champignons/Lichens/œufs
100%
Quel moteur de recherche fait allusion à un panda roux dans son nom?Firefox
80%
Les pandas roux sont originaires des régions montagneuses de l'........Himalaya
80%
Poids du panda roux en moyenne.3 à 6 kg
60%
Espérance de vie d'un panda roux a l'état sauvage.8 à 10 ans
60%
Famille du panda roux.Ailuridae/Ailuridé
60%
Nom scientifique du panda roux.Ailurus fulgens
60%
Autre nom donné au panda roux.Petit panda/Premier panda/Panda rouge/Petit roux
60%
L'espèce est classée en danger dans la Liste rouge de l'...... depuis 2008.UICN
60%
Que veut dire CPPR ?Connaître et Protéger le Panda Roux
40%
Cite-moi un des prédateurs du panda roux.Panthère nébuleuse/Panthère indienne/Panthère des neiges/Martre à gorge jaune
40%
Le Panda roux est considéré comme l'animal symbole du Sikkim depuis le début des années 1990/94 et a été la mascotte du ..............Festival.Darjeeling Tea
20%
Quelle première ministre indienne avait des pandas roux de compagnie ?
Indira Gandhi
20%
Système d’accouplement d'un panda roux.Polygynandrie
20%

Distribution des résultats

Percentile par nombre de réponses

% des personnes avec chaque résultat

Votre développement - résultats

Vous n’avez pas pris ce quiz